000 00628nam a22002057a 4500
003 OSt
005 20250815090427.0
008 240722b |||||||| |||| 00| 0 eng d
020 _a9781589806306
040 _aDWCL-Main Lib.
_cOC
082 _aCirc. 641.597 W846 2009
100 _aWohl, Kit
245 _aNew orleans classics : gumbos & soups /
_cKit Wohl
260 _aGreate, Louisiana:
_bPetican Publishing Company,
_cc2009.
300 _a96 pages :
_bcolor illustrations ;
_c23cm.
650 _a1. Cookbooks.
650 _a2. Restaurants.
650 _a3. Louisiana --- New Orleans.
942 _2ddc
_cBK-CIRC
_kCirc.
_n0
999 _c2557
_d2557